INCREaSE 2019 proceedings of the 2nd International Congress on Engineering and Sustainability in the XXI Century Set 1

Bibliographic Details
Corporate Author: INCREaSE 2019 Faro, Portugalsko (Author)
Other Authors: Monteiro, Jânio (Editor), Silva, António João (Editor), Mortal, António (Editor), Aníbal, Jaime (Editor), Silva, Manuela Moreira da (Editor), Oliveira, Miguel (Editor), Sousa, Nelson (Editor)
Format: Conference Proceeding Book
Language:English
PhysicalDescription:xxiv, 652 strán grafy, ilustrácie, mapy, schémy, tabuľky 25 cm
Published: Cham Springer [2020]
ISBN:9783030309374
Subjects:

MARC

LEADER 00000nam a2200000 4500
001 vtls012063727
003 SK-MaSNL
005 20260301220100.0
008 210729s2020 sz abl frn 101 0 eng
015 |a SNBZSA2023/08 
020 |a 9783030309374  |q (viazané) 
040 |a SNK  |b slo  |c SNK  |e rda 
041 0 |a eng 
044 |a sz  |c CH 
072 7 |a 502  |x Životné prostredie a jeho ochrana  |2 konspekt 
080 |a 502  |2 2011 
080 |a 502.174  |2 2011 
080 |a 502.131.1  |2 2011 
080 |a (062.534)  |2 2011 
111 2 |a INCREaSE 2019  |d (2019 :  |c Faro, Portugalsko)  |4 aut  |9 606756 
245 1 0 |a INCREaSE 2019  |b proceedings of the 2nd International Congress on Engineering and Sustainability in the XXI Century  |n Set 1  |c Jânio Monteiro, António João Silva, António Mortal, Jaime Aníbal, Manuela Moreira da Silva, Miguel Oliveira, Nelson Sousa, editors 
264 1 |a Cham  |b Springer  |c [2020] 
264 4 |c ©2020 
300 |a xxiv, 652 strán  |b grafy, ilustrácie, mapy, schémy, tabuľky  |c 25 cm 
336 |a text  |b txt  |2 rdacontent 
337 |a bez média  |b n  |2 rdamedia 
338 |a zväzok  |b nc  |2 rdacarrier 
500 |a Medzinárodný kongres sa uskutočnil 9-11 októbra 2019 v meste Faro, Portugalsko 
504 |a Bibliografia za jednotlivými kapitolami a menný register 
650 0 7 |a environmentálne inžinierstvo  |2 SNKPH  |9 67051 
650 0 7 |a environmentálne vhodné technológie  |2 SNKPH  |9 82527 
650 0 7 |a trvalo udržateľný rozvoj  |2 SNKPH  |9 3353 
650 0 7 |a Environmental engineering  |2 SNKPHeng  |9 84640 
650 0 7 |a Green technology  |2 SNKPHeng  |9 302635 
650 0 7 |a Sustainable development  |2 SNKPHeng  |9 265066 
655 7 |a zborníky konferencií  |2 SNKPH  |9 70153 
655 7 |a Proceedings of conferences  |2 SNKPHeng  |9 265791 
700 1 |a Monteiro, Jânio  |4 edt  |9 489406 
700 1 |a Silva, António João  |4 edt  |9 489407 
700 1 |a Mortal, António  |4 edt  |9 489408 
700 1 |a Aníbal, Jaime  |4 edt  |9 489409 
700 1 |a Silva, Manuela Moreira da  |4 edt  |9 489410 
700 1 |a Oliveira, Miguel  |4 edt  |9 489411 
700 1 |a Sousa, Nelson  |4 edt  |9 489412 
919 |a 978-3-030-30937-4 
954 |a odborná, vedecká literatúra cudzojazyčná (svetová)  |2 lita 
958 |a ZS 
958 |a NB 
999 |c 930556  |d 932486 
952 |a SNK  |b SNK  |y PREZ  |7 0  |p 17A1471824  |o snkSC 197430/1  |i snk2022/7135  |8 4  |g 103.86  |0 0  |1 0  |4 0  |d 2021-07-29  |l 0  |r 2025-10-20 00:00:00  |w 2026-02-24